000 00518nam a2200193Ia 4500
003 OSt
005 20250818115047.0
008 210210b1977 xxu||||| |||| 00| 0 eng d
040 _cAL
041 _aKannada
082 _aK894.3 VAIU
100 _aVAIKUNTHARAJU (B V)
_dವೈಕುಂಠರಾಜು (ಬಿ ವಿ)
_9236177
245 _aUdbhava.
_bಉದ್ಭವ.
260 _aSagara
_bAkshara Prakashana
_c1977
300 _a116
690 _aKannada Fiction
_9236178
906 _aSG00084
942 _2ddc
_cBK
999 _c111776
_d111776